00553nam a2200193 a 4500001001300000003000900013005001700022008004100039020001000080082001400090100001600104245004100120260004800161300000800209500003500217505007500252650001600327700001600343nice12345678IN_TiNIC20260116011835.0050524s1927 laha grp 000 0 urd  ac10000a239bGOL1 aGoldsack, W aHazrat Mohammad Aur Kitab-E-Muqaddas aLahorebPunjab Religious Booksociety c1927 a44p aincludes index and biblioraphy2 areprinted from"the bulletin of the john rylands library 1927,V.11,No.1 aApologetics1 aGoldsack, W